000 01058nam0a22002531 4500
001 rc\4208424
005 20260407144837.0
021 _aRU
_b[49-9003]
035 _a(NLR Aleph) 008010614
090 _a8697887
_c8697887
100 _a20130415d1949 |||y0rusy50 ca
101 0 _arus
102 _aRU
105 _ay z |||||
200 1 _aТиповые правила пожарной безопасности в ремесленных, железнодорожных училищах, школах ФЗО, техникумах и других учреждениях Министерства трудовых резервов Союза ССР
_eУтв. 14/II 1949 г.
210 _a[Москва]
_cтип. Трудрезервиздата
_d[1949]
215 _a8 с.
_d22
300 _aБез тит. л. и обл.
710 0 1 _aСССР
_bМинистерство трудовых резервов
_3RU\NLR\AUTH\8810020366
_9538732
801 0 _aRU
_bNLR
_gpsbo
801 1 _aRU
_bELAR
_2rusmarc
852 _aNLR
_jТ10 Г-6/81
942 _cBOOK
980 _aNB